Prehľad založených a fungujúcich európskych spoločností

Europeizácia práva obchodných spoločností, ktorého výsledkom je vytvorenie európskeho zoskupenia hospodárskych záujmov, európskej spoločnosti a európskeho družstva. Základná výhoda európskej spoločnosti - možnosť presúvať sídlo v rámci celej Európy bez likvidácie spoločnosti. Európske spoločnosti ex...

Ausführliche Beschreibung

Gespeichert in:
Bibliographische Detailangaben
1. Verfasser: Schwarczová, Heidy
Format: Buchkapitel
Sprache:Slowakisch
Schlagworte:
Tags: Tag hinzufügen
Keine Tags, Fügen Sie das erste Tag hinzu!

MARC

LEADER 00000naa$a2200000$$$4500
001 0111910
005 20100325085631.1
041 0 |a slo 
044 |a SK 
245 1 0 |a Prehľad založených a fungujúcich európskych spoločností  |c Heidy Schwarczová 
520 |a Europeizácia práva obchodných spoločností, ktorého výsledkom je vytvorenie európskeho zoskupenia hospodárskych záujmov, európskej spoločnosti a európskeho družstva. Základná výhoda európskej spoločnosti - možnosť presúvať sídlo v rámci celej Európy bez likvidácie spoločnosti. Európske spoločnosti existujúce v súčasnosti v Slovenskej republike. Enterprise Europe Network - nová, výkonná európska sieť na podporu podnikov. Štyri EZHZ (európske zoskupenie hospodárskych záujmov) založené v SR v r. 2008. 
610 2 0 |a spoločnosti obchodné 
610 2 0 |a firmy 
610 2 0 |a právo obchodné 
610 2 0 |a legislatíva 
610 2 0 |a Európska únia 
610 2 0 |a Slovensko 
100 1 |a Schwarczová, Heidy